Inquilinato arrendamiento agrícola Yanaconaje : (Record no. 20984)

000 -CABECERA
fixed length control field 00730nam a22001937a 4500
003 - IDENTIFICADOR DEL NÚMERO DE CONTROL
control field AR-CdUCM
008 - DATOS DE LONGITUD FIJA--INFORMACIÓN GENERAL
fixed length control field 190723b ||||| |||| 00| 0 spa d
040 ## - FUENTE DE LA CATALOGACIÓN
Agencia/entidad que catalogó originalmente la obra MUNICIPALIDAD PROVINCIAL DEL CUSCO
Entidad que transcribió la catalogación BIBLIOTECA MUNICIPAL DEL CUSCO
082 ## - NÚMERO DE LA CLASIFICACIÓN DECIMAL DEWEY
No. de Clasificación C / 346.65 /
Notacion interna AR66
100 ## - ENTRADA PRINCIPAL--NOMBRE DE PERSONA
Nombre Personal Aragon, Luis Angel
245 ## - MENCIÓN DE TÍTULO
Título Inquilinato arrendamiento agrícola Yanaconaje :
Resto del título compilación, notas, comentarios y concordancias /
260 ## - PUBLICACIÓN, DISTRIBUCIÓN, ETC.
Lugar de publicación, distribución, etc. Cusco :
Nombre de la editorial, distribuidor, etc. Idea,
300 ## - DESCRIPCIÓN FÍSICA
Nº de Páginas Extensión 204 páginas ;
Dimensiones 21 cm.
505 ## - NOTA DE CONTENIDO CON FORMATO
Nota de contenido formateada Contenido : Código civil -- Leyes especiales -- Leyes de inquilinato -- Reglamentos -- Yanaconaje -- Ejecutorias supremas -- Indices
650 ## - PUNTO DE ACCESO ADICIONAL DE MATERIA--TÉRMINO DE MATERIA
Descriptor Dereho
9 (RLIN) 43774
650 ## - PUNTO DE ACCESO ADICIONAL DE MATERIA--TÉRMINO DE MATERIA
Descriptor Ley
9 (RLIN) 7887
942 ## - ELEMENTOS DE PUNTO DE ACCESO ADICIONAL (KOHA)
Fuente de clasificación
Tipo de item Libros-BMC
945 ## - PROCESAMIENTO DE INFORMACIÓN LOCAL (OCLC)
Catalogador zta
Holdings
Estado de retiro (separado) Fuente de clasificación o esquema de estanterías Estado dañado Ubicación Sala donde se ubica Nombre de la colección Fecha de adquisición o compra Signatura topográfica Código de Barras Última vez visto (Koha) Tipo de ítem (Koha)
No     Sala Cusco Antiguo Sala Cusco Antiguo Book Cart 2019-07-23 C / 346.65 / AR66 SCA0000958 2019-07-23 Libros-BMC

Powered by Koha